000 00747naa a22002297u 4500
001 19044
003 HDC
007 cr bn ---aaaaa
008 210228t xx 000 0 eng
040 _aHDC
245 0 _aPURE & HALAL THE MORTADELLA SPECIALIST
260 _a[No place] :
_b[publisher not identified],
_c[no year]
336 _atext
_2rdacontent
337 _acomputer
_2rdamedia
338 _aonline resource
_2rdacarrier
650 _aBusiness
_9207
650 _aMeat industry and trade
_9161
856 _zRequest full-text at [email protected]
942 _2lcc
942 _cEIJ
942 _kEMAG 000781
999 _c16360
_d16360